00986 a2200157 45000010006000000050017000060080041000230030015000640400040000790800076001192450042001952640036002373000019002735050513002921000023008052928720260407155602.0260407a1981 arg spa dAR-UNSa-BCEJYS aAR-UNSa-BCEJYSbspacAR-UNSa-BCEJYS a657.23xCompensaciones. Correcciones. Ajustes (devaluación monetaria)10aAjuste monetario de estados contables 1aBuenos Aires :bEl Ateneoc1981 a292 p.c23 cm. a1. Efectos de la inflación sobre los estados contables - 2. El ajuste monetario de los estados contables - 3. Un caso sencillo - 4. Ajuste de los bienes de cambio - 5. Ajuste de los bienes de uso - 6. Ajuste de las cuentas en moneda extranjera - 7. Ajustes varios - 8. Ajustes de las cuentas del patrimonio neto - 9. Ajuste de las cuentas de resultado - 10. Un caso mas complicado - 11. El metodo simplificado - 12. Presentación de los estados contables ajustados - 13. Ajuste impositivo por inflación.1 aCholvis, Francisco